London Underground: Northern Line Quiz Stats

 Plays Quiz not verified by Sporcle

Score 0/56 Timer 10:00
0 Plays Today
% Correct
Bank
94.1%
Edgware
94.1%
Morden
94.1%
High Barnet
93.2%
Charing Cross
93.1%
Euston
92.4%
Euston
92.4%
Camden Town
91.7%
Camden Town
91.7%
Camden Town
91.7%
Camden Town
91.7%
King's Cross Saint Pancras
88.5%
Angel
88.2%
Waterloo
87.2%
Tottenham Court Road
86.9%
London Bridge
86.6%
Leicester Square
85.9%
Kennington
85%
Kennington
85%
Kennington
85%
Embankment
84.9%
Old Street
84.7%
Goodge Street
84.5%
Mornington Crescent
84.4%
Elephant & Castle
84.1%
Moorgate
83.1%
Warren Street
82.5%
Oval
81.5%
% Correct
Clapham Common
80.5%
Clapham North
79.3%
Borough
78.9%
Clapham South
78.8%
Tooting Bec
76.8%
Hampstead
74.9%
Chalk Farm
74.8%
Stockwell
74.5%
Tooting Broadway
74.5%
Golders Green
74.3%
Kentish Town
74.1%
East Finchley
73.7%
Finchley Central
72.8%
Archway
72.3%
Highgate
71.6%
South Wimbledon
71.5%
Balham
71.5%
Belsize Park
69%
Mill Hill East
67.7%
Brent Cross
67.2%
West Finchley
66.2%
Colliers Wood
65.4%
Colindale
65.1%
Burnt Oak
64.6%
Tufnell Park
64.5%
Hendon Central
63.4%
Totteridge & Whetstone
62.2%
Woodside Park
50.7%

You're not logged in!

Compare scores with friends on all Sporcle quizzes.
OR
Log In

Show Comments

Extras

Top Quizzes Today


Score Distribution

Your Account Isn't Verified!

In order to create a playlist on Sporcle, you need to verify the email address you used during registration. Go to your Sporcle Settings to finish the process.

Report this User

Report this user for behavior that violates our Community Guidelines.

Details: